Use of IT for adapting migrants

Aktuálnym problém migračných tokov vo vzdelávaní v reálnom a elektronickom prostredí. Analýza pozitívnych a negatívnych skúseností s virtuálnymi platformami. Návrh pre riadenie a hodnotenie spätnej väzby v procese virtuálneho vzdelávania.

Enregistré dans:
Détails bibliographiques
Auteur principal: Kultan, Jaroslav, 1960-
Autres auteurs: Kuprina, Tamara Vladimirovna
Format: Chapitre de livre
Langue:anglais
Sujets:
Tags: Ajouter un tag
Pas de tags, Soyez le premier à ajouter un tag!

MARC

LEADER 00000nla a2200000 4500
001 0227456
005 20240502083611.8
041 0 |a eng 
044 |a HU 
245 1 0 |a Use of IT for adapting migrants  |c Jaroslav Kultan, Tamara Vladimirovna Kuprina 
520 |a Aktuálnym problém migračných tokov vo vzdelávaní v reálnom a elektronickom prostredí. Analýza pozitívnych a negatívnych skúseností s virtuálnymi platformami. Návrh pre riadenie a hodnotenie spätnej väzby v procese virtuálneho vzdelávania. 
610 2 0 |a vzdelávanie elektronické 
610 2 0 |a migrácia 
610 2 0 |a technológie informačné 
610 2 0 |a technológie komunikačné 
610 2 0 |a technológie nové 
610 2 0 |a vzdelávanie 
100 1 |a Kultan, Jaroslav, 1960- 
700 1 |a Kuprina, Tamara Vladimirovna